ბათუმის შოთა რუსთაველის სახელმწიფო უნივერსიტეტის ბიბლიოთეკა

გეორგიევსკის ტრაქტატი და ერეკლე მეორე : (ბიბ.ჩანაწერი № 63183)

000 -ლიდერი
ფიქსირებული სიგრძის საკონტროლო ველი 01526nam a22002177a 4500
003 - საკონტროლო ნომრის იდენტიფიკატორი
საკონტროლო ველი Ge_BSU
005 - ბოლო ოპერაციის თარიღი და დრო
საკონტროლო ველი 20250620160159.0
008 - ფიქსირებული სიგრძის მონაცემთა ელემენტები - ზოგადი ინფორმაცია
ფიქსირებული სიგრძის საკონტროლო ველი 250620s2022 ge ||||| |||| 00| 0 geo d
020 ## - წიგნის საერთაშორისო სტანდარტული ნომერი
International Standard Book Number 9789941494802
041 ## - ენის კოდი
Language code of text/sound track or separate title geo
080 ## - უნივერსალური ათობითი კლასიფიკაციის ინდექსი
Universal Decimal Classification number 94(479.22)"1783-1801" მ-57
100 ## - მთავარი ჩანაწერი - პიროვნების სახელი
Personal name მერკვილაძე, დავით
9 (RLIN) 14141
245 ## - ცნობა სათაურის შესახებ
Title გეორგიევსკის ტრაქტატი და ერეკლე მეორე :
Remainder of title მიზნები, სურვილები, შედეგები : [ისტორიული ნარკვევი] /
Statement of responsibility, etc დავით მერკვილაძე; საგამომცემლო ჯგუფი: ნინო დეკანოიძე, მართა კასრაძე, ბუბა კუდავა, ალექსანდრე ჯიქურიძე; გარეკანის დიზაინერი დავით აბრამიშვილი.
264 ## - წარმოების, გამოცემის, დისტრიბუციის და სხვა ცნობები
გამოცემის, წარმოების, დისტრიბუციის... ადგილი თბილისი :
გამოცემის, წარმოების, დისტრიბუციის... სახელწოდება არტანუჯი,
გამოცემის, წარმოების, დისტრიბუციის... თარიღი 2022.
300 ## - ფიზიკური აღწერა
Extent 130 გვ. :
Other physical details ილ. ;
Dimensions 19 სმ.
500 ## - ზოგადი შენიშვნა
General note გარეკანზე : გეორგიევსკის ტრაქტატი და მეფე ერეკლე.
653 ## - INDEX TERM--UNCONTROLLED
Uncontrolled term ერეკლე II, 1720-1798.
653 ## - INDEX TERM--UNCONTROLLED
Uncontrolled term გეორგიევსკის ტრაქტატი.
700 ## - ADDED ENTRY--PERSONAL NAME
Personal name აბრამიშვილი, დავით
Relator term გარეკანის დიზაინერი
9 (RLIN) 20295
942 ## - ADDED ENTRY ELEMENTS (KOHA)
Source of classification or shelving scheme
Koha item type წიგნი
ეგზემპლარები
ჩამოწერის სტატუსი დაკარგული ეგზემპლარის სტატუსი კლასიფიკაციის წყარო ან თაროზე გაწყობის სქემა დაზიანების სტატუსი არ გაიცემა მუდმივი მდებარეობა (დაცვის ადგილი) ამჟამინდელი ადგილსამყოფელი თაროზე განთავსების ადგილი შეძენის თარიღი ღირებულება, შესყიდვის ნორმალური ფასი სრული შენახვის შიფრი შტრიხკოდი ბოლო ოპერაციის თარიღი ეგზემპლარის მიმდევრობითი ნომერი (კეტერი?) ფასის ძალაში შესვლის თარიღი ეგზემპლარის სახეობა საჯარო შენიშვნა
          ბათუმის შოთა რუსთაველის სახელმწიფო უნივერსიტეტის მთავარი ბიბლიოთეკა ბათუმის შოთა რუსთაველის სახელმწიფო უნივერსიტეტის მთავარი ბიბლიოთეკა წიგნსაცავი 2025-06-20 15.30 94(479.22) 71917 2025-06-20 71917 2025-06-20 წიგნი 15 ლ. 30 თ.
          ბათუმის შოთა რუსთაველის სახელმწიფო უნივერსიტეტის მთავარი ბიბლიოთეკა ბათუმის შოთა რუსთაველის სახელმწიფო უნივერსიტეტის მთავარი ბიბლიოთეკა წიგნსაცავი 2025-06-20 15.30 94(479.22) 71918 2025-06-20 71918 2025-06-20 წიგნი 15 ლ. 30 თ.